| 000 | 00455ntaaa2200181 4500 | ||
|---|---|---|---|
| 003 | 01 | ||
| 005 | 20251027202328.0 | ||
| 008 | 0714s1973 ag 01 | ||
| 040 |
_aAR-BaBN _bspa _cAR-BaBN _eaacr _dRIC |
||
| 082 | _a291.0000 N54 | ||
| 100 |
_aNida, Euhene A _921888 |
||
| 245 | _aCustoms, culture and christianity | ||
| 250 | _a1 ed. | ||
| 260 |
_aLondon : _bTyndale Press, _c1954 |
||
| 300 | _a306 p | ||
| 650 |
_areligiones comparadas _93333 |
||
| 942 | _cBK | ||
| 999 |
_c18117 _d18117 |
||